| 000 | 00400nam a2200181Ia 4500 | ||
|---|---|---|---|
| 008 | 210210b1948 xxu||||| |||| 00| 0 eng d | ||
| 041 | _aeng | ||
| 082 | _a825/340 | ||
| 100 | _aGARDNER (W H) | ||
| 245 | _aGerard Manley Hopkins I | ||
| 260 |
_aLondon _b- _c1948 |
||
| 650 | _aManley | ||
| 650 | _aI | ||
| 650 | _aHopkins | ||
| 650 | _aGerard | ||
| 690 | _aEnglish Criticism | ||
| 906 | _a014656 | ||
| 999 |
_c133871 _d133871 |
||